[Event "OP-2012-0-02186"]
[Site "LSS email"]
[Date "2012.05.07"]
[Round "?"]
[White "Horbach, Frank"]
[Black "Van Hinten, Marcus"]
[Result "1-0"]
[WhiteElo "2114"]
[BlackElo "800"]
[PlyCount "39"]
[EventDate "2012.05.04"]
[EventType "tourn (corr)"]
[EventRounds "4"]
[EventCountry "GER"]
[SourceTitle "Corr 2015"]
[Source "ChessBase"]
[SourceDate "2015.07.17"]
[SourceVersion "1"]
[SourceVersionDate "2015.07.17"]
[SourceQuality "1"]

1. f4 e5 2. fxe5 d6 3. exd6 Bxd6 4. Nf3 g5 5. g3 g4 6. Nh4 Ne7 7. d4 Ng6 8. Nxg6 hxg6 9. Qd3 Nc6 10. c3 Bf5 11. e4 Qe7 12. Bg2 0-0-0 13. Be3 Rde8 14. Nd2 Rxh2 15. Rxh2 Bxg3+ 16. Ke2 Bxh2 17. Rh1 g3 18. exf5 gxf5 19. Qxf5+ Kb8 20. Ne4 1-0

[Event "SA-2012-0-00246"]
[Site "LSS email"]
[Date "2012.02.07"]
[Round "?"]
[White "Sorcinelli, Andrea"]
[Black "Horbach, Frank"]
[Result "1/2-1/2"]
[WhiteElo "2106"]
[BlackElo "2103"]
[PlyCount "70"]
[EventDate "2012.01.19"]
[EventType "tourn (corr)"]
[EventRounds "6"]
[EventCountry "GER"]
[SourceTitle "Telechess CBM 153"]
[Source "ChessBase"]
[SourceDate "2013.03.14"]
[SourceVersion "1"]
[SourceVersionDate "2013.03.14"]
[SourceQuality "1"]

1. e4 c5 2. Nf3 d6 3. d4 cxd4 4. Nxd4 Nf6 5. Nc3 a6 6. Bg5 e6 7. f4 Qb6 8. Qd2 Qxb2 9. Nb3 Qa3 10. Bxf6 gxf6 11. Be2 Nc6 12. 0-0 Be7 13. Kh1 Bd7 14. Nb1 Qb4 15. Qe3 d5 16. exd5 exd5 17. Qd3 Be6 18. a3 Qd6 19. Nc3 Rd8 20. f5 Bc8 21. Qh3 0-0 22. Rad1 Kh8 23. Bf3 Qe5 24. Bxd5 Rg8 25. Rde1 Bxf5 26. Qxf5 Qxc3 27. Be4 Rg7 28. Qf2 Bxa3 29. Re3 Qb2 30. g3 a5 31. Bxc6 bxc6 32. Qf3 Bb4 33. Qxc6 Rg6 34. Ref3 Kg7 35. Qc4 Qe5 1/2-1/2

[Event "SA-2012-0-00246"]
[Site "LSS email"]
[Date "2012.02.04"]
[Round "?"]
[White "Husemann, Andreas"]
[Black "Horbach, Frank"]
[Result "1/2-1/2"]
[WhiteElo "1927"]
[BlackElo "2103"]
[PlyCount "66"]
[EventDate "2012.01.19"]
[EventType "tourn (corr)"]
[EventRounds "6"]
[EventCountry "GER"]
[SourceTitle "Telechess CBM 155"]
[Source "ChessBase"]
[SourceDate "2013.07.16"]
[SourceVersion "1"]
[SourceVersionDate "2013.07.16"]
[SourceQuality "1"]

1. Nf3 Nf6 2. g3 d5 3. Bg2 c6 4. 0-0 Bg4 5. d3 Nbd7 6. Nbd2 e5 7. e4 Qc7 8. h3 Bh5 9. Qe2 Bd6 10. Re1 0-0 11. a4 h6 12. Nb3 a5 13. Bd2 Rfe8 14. Qf1 Nc5 15. Nxc5 Bxc5 16. Nh4 Qb6 17. Rab1 Re6 18. Nf5 Qc7 19. Be3 Bxe3 20. Nxe3 Rd8 21. exd5 Nxd5 22. Nc4 Bg6 23. Be4 f5 24. Bf3 f4 25. Qg2 Bf7 26. Nd2 Rg6 27. Ne4 Nf6 28. h4 Ba2 29. Rbd1 Nxe4 30. Bxe4 Bd5 31. g4 Rgd6 32. Rd2 Rf8 33. Bxd5+ cxd5 1/2-1/2

[Event "SA-2011-0-00238"]
[Site "LSS email"]
[Date "2011.12.30"]
[Round "?"]
[White "Horbach, Frank"]
[Black "Sherwood, Russell"]
[Result "1/2-1/2"]
[WhiteElo "2112"]
[BlackElo "2081"]
[PlyCount "60"]
[EventDate "2011.12.09"]
[EventType "tourn (corr)"]
[EventRounds "6"]
[EventCountry "GER"]
[SourceTitle "Telechess CBM 157"]
[Source "ChessBase"]
[SourceDate "2013.11.12"]
[SourceVersion "1"]
[SourceVersionDate "2013.11.12"]
[SourceQuality "1"]

1. e4 e5 2. Nf3 Nc6 3. Bc4 Nf6 4. d4 exd4 5. e5 d5 6. Bb5 Ne4 7. Nxd4 Bd7 8. Bxc6 bxc6 9. 0-0 Bc5 10. f3 Ng5 11. Be3 0-0 12. f4 Ne6 13. c3 Re8 14. Nd2 Bb6 15. N2b3 a5 16. Qd2 Nxd4 17. Bxd4 a4 18. Nc5 Bf5 19. b4 Bxc5 20. Bxc5 Re6 21. Rf3 Rg6 22. Qf2 Qc8 23. Bd4 h6 24. Rg3 Qe6 25. Re1 Rxg3 26. Qxg3 a3 27. h3 Re8 28. Kh2 Be4 29. Qf2 Kh7 30. Qd2 Qe7 1/2-1/2

[Event "IECG CP.2009.P.00010 email"]
[Site "IECG email"]
[Date "2009.10.01"]
[Round "?"]
[White "Horbach, Frank"]
[Black "Tobey, Al E"]
[Result "1-0"]
[WhiteElo "2112"]
[BlackElo "712"]
[PlyCount "57"]
[EventDate "2009.10.01"]
[EventType "tourn (corr)"]
[EventRounds "6"]
[EventCountry "ARG"]
[SourceTitle "Corr 2024"]
[Source "ChessBase"]
[SourceDate "2023.10.19"]
[SourceVersion "1"]
[SourceVersionDate "2023.10.19"]
[SourceQuality "1"]

1. f4 Nf6 2. Nf3 Nc6 3. e3 Ne4 4. Nc3 d5 5. Be2 e6 6. Nxe4 dxe4 7. Ng5 f5 8. 0-0 Be7 9. Bc4 Bxg5 10. Qh5+ g6 11. Qxg5 Qxg5 12. fxg5 Ne5 13. Be2 Nf7 14. h4 Bd7 15. b3 h5 16. Bb2 Rh7 17. Bf6 Nd6 18. Kf2 Kf7 19. Be5 Kf8 20. c4 Rc8 21. c5 Nf7 22. Bf6 Nd8 23. Rad1 b5 24. d3 a6 25. dxe4 Ke8 26. Bf3 Bc6 27. exf5 exf5 28. Rxd8+ Rxd8 29. Bxc6+ 1-0

[Event "IECG CP.2005.S.00008"]
[Site "IECG email"]
[Date "2008.04.12"]
[Round "?"]
[White "Kachkin, Konstantin"]
[Black "Horbach, Frank"]
[Result "1/2-1/2"]
[WhiteElo "2180"]
[BlackElo "2125"]
[PlyCount "43"]
[EventDate "2008.04.12"]
[EventType "tourn (corr)"]
[EventRounds "6"]
[SourceTitle "Corr 2024"]
[Source "ChessBase"]
[SourceDate "2023.10.19"]
[SourceVersion "1"]
[SourceVersionDate "2023.10.19"]
[SourceQuality "1"]

1. e4 c5 2. Nf3 d6 3. d4 cxd4 4. Nxd4 Nf6 5. Nc3 g6 6. Be3 Bg7 7. f3 Nc6 8. Qd2 Bd7 9. 0-0-0 Rc8 10. Kb1 Ne5 11. g4 a6 12. h4 h6 13. Be2 b5 14. h5 g5 15. Nf5 Bxf5 16. gxf5 Qa5 17. Qe1 Qc7 18. Qd2 Qa5 19. Rdg1 Rb8 20. Bd4 Nc6 21. Be3 Ne5 22. Bd4 1/2-1/2

[Event "IECG CP.2006.Q.00017 email"]
[Site "IECG email"]
[Date "2008.01.15"]
[Round "?"]
[White "Heiser, Jerome"]
[Black "Horbach, Frank"]
[Result "0-1"]
[WhiteElo "1194"]
[BlackElo "2100"]
[PlyCount "122"]
[EventDate "2008.01.15"]
[EventType "tourn (corr)"]
[EventRounds "6"]
[SourceTitle "Corr 2024"]
[Source "ChessBase"]
[SourceDate "2023.10.19"]
[SourceVersion "1"]
[SourceVersionDate "2023.10.19"]
[SourceQuality "1"]

1. e4 e5 2. Nf3 Nf6 3. Nxe5 d6 4. Nf3 Nxe4 5. Qe2 Qe7 6. d3 Nf6 7. Nc3 Bg4 8. Be3 Nc6 9. h3 Bd7 10. d4 d5 11. 0-0-0 0-0-0 12. Bg5 Qxe2 13. Bxe2 Re8 14. Bxf6 gxf6 15. Bb5 a6 16. Ba4 Be6 17. Rhe1 b5 18. Bb3 Ne7 19. Kb1 c6 20. Ne2 h5 21. a4 Nf5 22. Nf4 Bd6 23. Nxe6 fxe6 24. c3 e5 25. dxe5 fxe5 26. g4 hxg4 27. hxg4 Nh4 28. Nxh4 Rxh4 29. axb5 axb5 30. Bc2 Kc7 31. Bf5 Rh2 32. f3 Reh8 33. Bd3 R8h3 34. Re2 Rxe2 35. Bxe2 Be7 36. Re1 Kd6 37. Rf1 Bg5 38. Ka2 Rh2 39. Bd3 Rd2 40. Bg6 c5 41. Ka3 c4 42. Be8 Kc5 43. Bf7 Rd3 44. Ka2 Bf4 45. Rg1 Rxf3 46. g5 Be3 47. Bh5 Rf5 48. Bg6 Rxg5 49. Rxg5 Bxg5 50. Be8 b4 51. Kb1 bxc3 52. bxc3 e4 53. Kc2 Bf6 54. Bh5 Bxc3 55. Kxc3 d4+ 56. Kd2 Kb4 57. Bg6 e3+ 58. Ke2 c3 59. Bc2 Ka3 60. Ke1 Kb2 61. Bd3 c2 0-1

[Event "IECG CP.2006.Q.00017 email"]
[Site "IECG email"]
[Date "2008.01.15"]
[Round "?"]
[White "Wheeler, James M"]
[Black "Horbach, Frank"]
[Result "1/2-1/2"]
[WhiteElo "2203"]
[BlackElo "2100"]
[PlyCount "66"]
[EventDate "2008.01.15"]
[EventType "tourn (corr)"]
[EventRounds "6"]
[SourceTitle "Corr 2011"]
[Source "ChessBase"]
[SourceDate "2010.08.31"]
[SourceVersion "1"]
[SourceVersionDate "2010.08.31"]
[SourceQuality "1"]

1. c4 Nf6 2. Nc3 g6 3. e4 d6 4. d4 Bg7 5. Be2 0-0 6. Bg5 c5 7. d5 h6 8. Bf4 a6 9. Qd2 Kh7 10. a4 Qa5 11. Bd3 Nbd7 12. Nge2 Ne5 13. Bxe5 dxe5 14. 0-0 Bd7 15. Nc1 Rac8 16. Nb3 Qb6 17. Ra3 Nh5 18. a5 Qd6 19. Na4 Bxa4 20. Rxa4 e6 21. Qe3 Nf4 22. Nd2 Bf6 23. g3 Nxd3 24. Qxd3 Bg7 25. b4 Qd7 26. Qa3 exd5 27. exd5 cxb4 28. Rxb4 f5 29. Qb3 Rf7 30. Rb1 Rc7 31. Rb6 Bf8 32. Re6 Re7 33. Rf6 Rf7 1/2-1/2

[Event "IECG CP.2007.P.00067 email"]
[Site "IECG email"]
[Date "2007.10.01"]
[Round "?"]
[White "Behal, Jaromir"]
[Black "Horbach, Frank"]
[Result "0-1"]
[WhiteElo "1406"]
[BlackElo "2091"]
[PlyCount "62"]
[EventDate "2007.10.01"]
[EventType "tourn (corr)"]
[EventRounds "6"]
[EventCountry "ARG"]
[SourceTitle "Corr 2024"]
[Source "ChessBase"]
[SourceDate "2023.10.19"]
[SourceVersion "1"]
[SourceVersionDate "2023.10.19"]
[SourceQuality "1"]

1. d4 f5 2. c4 Nf6 3. g3 g6 4. Bg2 Bg7 5. Nc3 0-0 6. Nf3 d6 7. 0-0 Qe8 8. Bg5 c6 9. Re1 Ne4 10. Bd2 h6 11. e3 e5 12. Rc1 Na6 13. a3 Qf7 14. b3 Nc7 15. Re2 Be6 16. Qc2 Nxd2 17. Rxd2 e4 18. Ne1 d5 19. c5 g5 20. Qd1 f4 21. Nc2 h5 22. b4 h4 23. Qf1 f3 24. Bh1 Qh5 25. Ne1 hxg3 26. fxg3 Bh3 27. Qf2 Ne8 28. Nd1 Nf6 29. Rb2 Ng4 30. Qd2 Bg2 31. Nxf3 exf3 0-1

[Event "IECG CP.2007.P.00067 email"]
[Site "IECG email"]
[Date "2007.10.01"]
[Round "?"]
[White "Horbach, Frank"]
[Black "Schoenbuchner, Gert"]
[Result "1-0"]
[WhiteElo "2091"]
[BlackElo "1630"]
[PlyCount "67"]
[EventDate "2007.10.01"]
[EventType "tourn (corr)"]
[EventRounds "6"]
[EventCountry "ARG"]
[SourceTitle "Corr 2024"]
[Source "ChessBase"]
[SourceDate "2023.10.19"]
[SourceVersion "1"]
[SourceVersionDate "2023.10.19"]
[SourceQuality "1"]

1. f4 d5 2. Nf3 Nf6 3. e3 b6 4. Be2 c5 5. 0-0 Nc6 6. d3 Bg4 7. h3 Bxf3 8. Bxf3 e6 9. c3 Bd6 10. e4 dxe4 11. dxe4 e5 12. Qa4 Qc7 13. Na3 0-0 14. Nb5 Qe7 15. Nxd6 Qxd6 16. Rd1 Qc7 17. f5 a6 18. Qc2 b5 19. Qf2 c4 20. Be3 Ne7 21. g4 Rad8 22. Rxd8 Qxd8 23. g5 Nd7 24. Rd1 Qc8 25. Bg4 Rd8 26. f6 Ng6 27. fxg7 Kxg7 28. Bb6 Nf4 29. Bxd8 Qxd8 30. Rxd7 Qxg5 31. Kh2 h5 32. Be6 Nxe6 33. Qxf7+ Kh6 34. Qh7# 1-0

[Event "IECG WC.2006.F.00002 email"]
[Site "IECG email"]
[Date "2007.09.12"]
[Round "?"]
[White "Horbach, Frank"]
[Black "Carroll, Patrick"]
[Result "1-0"]
[WhiteElo "2083"]
[BlackElo "2111"]
[PlyCount "79"]
[EventDate "2007.09.12"]
[EventType "tourn (corr)"]
[EventRounds "6"]
[SourceTitle "Corr 2024"]
[Source "ChessBase"]
[SourceDate "2023.10.19"]
[SourceVersion "1"]
[SourceVersionDate "2023.10.19"]
[SourceQuality "1"]

1. d4 Nf6 2. Bg5 e6 3. e4 h6 4. Bxf6 Qxf6 5. Nc3 Bb4 6. e5 Qe7 7. Qd3 d5 8. a3 Ba5 9. b4 Bb6 10. Na4 Bd7 11. Nxb6 axb6 12. Be2 c5 13. c3 0-0 14. Nf3 c4 15. Qe3 Na6 16. g4 Nc7 17. g5 h5 18. Nd2 g6 19. 0-0 Nb5 20. Nb1 Ra6 21. f4 Rfa8 22. Qc1 Bc6 23. Qb2 Qd8 24. Ra2 Qb8 25. Qc1 Qa7 26. Bxh5 Nxa3 27. Nxa3 Rxa3 28. Rxa3 Qxa3 29. Be2 Qa2 30. Bf3 Kg7 31. h4 Qb3 32. f5 gxf5 33. Rf2 Ra2 34. Rxa2 Qxa2 35. h5 Qa8 36. Qb2 Qa4 37. Kh2 Be8 38. Kg3 Kh7 39. Kf4 Qa2 40. Qxa2 1-0

[Event "IECG WC.2006.F.00002 email"]
[Site "IECG email"]
[Date "2007.09.12"]
[Round "?"]
[White "Horbach, Frank"]
[Black "Mauro, Lucio"]
[Result "1-0"]
[WhiteElo "2083"]
[BlackElo "2262"]
[PlyCount "39"]
[EventDate "2007.09.12"]
[EventType "tourn (corr)"]
[EventRounds "6"]
[SourceTitle "Corr 2024"]
[Source "ChessBase"]
[SourceDate "2023.10.19"]
[SourceVersion "1"]
[SourceVersionDate "2023.10.19"]
[SourceQuality "1"]

1. f4 d5 2. Nf3 g6 3. e3 Nf6 4. b3 Bg7 5. Bb2 0-0 6. Be2 c5 7. 0-0 Nc6 8. Ne5 Qc7 9. Bf3 Ne4 10. d4 cxd4 11. exd4 Bf5 12. c4 dxc4 13. bxc4 Nxe5 14. fxe5 Ng5 15. Nc3 Qxc4 16. Nd5 e6 17. Ne3 Nxf3+ 18. Rxf3 Qd3 19. Nxf5 gxf5 20. Rxd3 1-0

[Event "IECG CP.2006.P.00005 email"]
[Site "IECG email"]
[Date "2006.10.01"]
[Round "?"]
[White "Horbach, Frank"]
[Black "Dumins, Ilja"]
[Result "1-0"]
[WhiteElo "2083"]
[BlackElo "1330"]
[PlyCount "63"]
[EventDate "2006.10.01"]
[EventType "tourn (corr)"]
[EventRounds "6"]
[SourceTitle "Corr 2011"]
[Source "ChessBase"]
[SourceDate "2010.08.31"]
[SourceVersion "1"]
[SourceVersionDate "2010.08.31"]
[SourceQuality "1"]

1. f4 d5 2. Nf3 Nf6 3. e3 g6 4. b3 Bg7 5. Bb2 0-0 6. Be2 Ne4 7. Bxg7 Kxg7 8. c4 dxc4 9. Bxc4 Nd6 10. Nc3 Nxc4 11. bxc4 Bg4 12. Rb1 b6 13. d4 Nd7 14. h3 Bxf3 15. Qxf3 e6 16. 0-0 a6 17. Qc6 Nf6 18. Rfd1 Qd7 19. Qf3 Rfd8 20. e4 Qe7 21. e5 Ne8 22. a4 Rab8 23. Qe3 Kg8 24. d5 Ng7 25. Ne4 Ne8 26. Qc3 Qh4 27. Qd4 c5 28. Qe3 Qe7 29. d6 Qd7 30. a5 bxa5 31. Rxb8 Rxb8 32. Nxc5 1-0

[Event "IECG WC.2010.P.00016 email"]
[Site "IECG email"]
[Date "2006.06.05"]
[Round "?"]
[White "Horbach, Frank"]
[Black "Perico, Antonio"]
[Result "1/2-1/2"]
[WhiteElo "2093"]
[BlackElo "1506"]
[PlyCount "59"]
[EventDate "2006.06.05"]
[EventType "tourn (corr)"]
[EventRounds "6"]
[SourceTitle "Corr 2008"]
[Source "ChessBase"]
[SourceDate "2008.06.24"]
[SourceVersion "1"]
[SourceVersionDate "2008.06.24"]
[SourceQuality "1"]

1. f4 b6 2. e4 Bb7 3. Nc3 e6 4. Nf3 c5 5. d4 cxd4 6. Nxd4 Nf6 7. e5 Nd5 8. Nxd5 Bxd5 9. Qg4 Nc6 10. Be3 Nxd4 11. Bxd4 h5 12. Qg3 h4 13. Qh3 Qc7 14. Bd3 Bc5 15. c3 0-0-0 16. 0-0 Kb8 17. Rac1 d6 18. b4 Bxd4+ 19. cxd4 Qd7 20. Qe3 Bxa2 21. Rf2 Bd5 22. Ba6 f5 23. exf6 gxf6 24. f5 e5 25. Rd2 e4 26. Rf2 Rhg8 27. b5 Qg7 28. Rfc2 Rde8 29. Kf1 Rh8 30. Kg1 1/2-1/2

[Event "IECG WC.2010.P.00016 email"]
[Site "IECG email"]
[Date "2006.06.05"]
[Round "?"]
[White "Munoz Sanchez, Emilio Josep"]
[Black "Horbach, Frank"]
[Result "0-1"]
[WhiteElo "1883"]
[BlackElo "2093"]
[PlyCount "52"]
[EventDate "2006.06.05"]
[EventType "tourn (corr)"]
[EventRounds "6"]
[SourceTitle "Corr 2008"]
[Source "ChessBase"]
[SourceDate "2008.06.24"]
[SourceVersion "1"]
[SourceVersionDate "2008.06.24"]
[SourceQuality "1"]

1. d4 f5 2. c4 Nf6 3. g3 e6 4. Bg2 Be7 5. Nf3 0-0 6. 0-0 d6 7. Nc3 Qe8 8. Qc2 Qh5 9. b4 Nbd7 10. c5 a6 11. Bf4 Ne8 12. Qd2 h6 13. Qe3 Ndf6 14. Qd3 Bd7 15. Nd2 g5 16. Bxb7 Ng4 17. Nf3 Ra7 18. c6 gxf4 19. cxd7 Rxb7 20. dxe8Q Rxe8 21. Qc4 Kh8 22. a3 fxg3 23. fxg3 f4 24. Qxa6 Rb6 25. Qa5 Qh3 26. Ne4 fxg3 0-1

[Event "IECG WC.2004.F.00004"]
[Site "IECG email"]
[Date "2005.05.16"]
[Round "?"]
[White "Horbach, Frank"]
[Black "Johanson, Frans"]
[Result "1-0"]
[WhiteElo "2026"]
[BlackElo "1993"]
[PlyCount "119"]
[EventDate "2005.05.16"]
[EventType "tourn (corr)"]
[EventRounds "6"]
[SourceTitle "Corr 2008"]
[Source "ChessBase"]
[SourceDate "2008.06.24"]
[SourceVersion "1"]
[SourceVersionDate "2008.06.24"]
[SourceQuality "1"]

1. c4 e5 2. g3 Nf6 3. Bg2 c6 4. d4 e4 5. Nc3 d5 6. Bg5 Bb4 7. cxd5 cxd5 8. Rc1 h6 9. Bxf6 Qxf6 10. e3 0-0 11. Nge2 Nd7 12. Qb3 Qb6 13. f3 exf3 14. Bxf3 Nf6 15. Kf2 Be6 16. Nxd5 Nxd5 17. Bxd5 Rad8 18. Bc4 a5 19. Rhf1 Bxc4 20. Rxc4 Rfe8 21. Kg2 Qe6 22. Rf3 Qe7 23. a3 Bd6 24. Nc3 Qe6 25. Qb5 Bb8 26. Rc5 Re7 27. Rd5 Rxd5 28. Qxd5 Qb6 29. Rf2 Ba7 30. Qf5 Qd8 31. b4 axb4 32. axb4 g6 33. Qf3 Rd7 34. Ne4 Kg7 35. Nc5 Bxc5 36. bxc5 Qe7 37. Rb2 Kg8 38. Rd2 Qd8 39. h3 Qa5 40. Rf2 Re7 41. Qf6 Qc7 42. Ra2 Qc6+ 43. Qxc6 bxc6 44. Kf3 Kg7 45. Ra6 Rc7 46. e4 h5 47. e5 Kf8 48. Ke4 Ke7 49. d5 cxd5+ 50. Kxd5 Rd7+ 51. Rd6 Ra7 52. c6 Ra5+ 53. Kc4 Ra1 54. Kc5 Rc1+ 55. Kb6 Rb1+ 56. Ka7 Ra1+ 57. Kb8 Rb1+ 58. Kc8 Rb3 59. c7 Rb5 60. Ra6 1-0

[Event "IECG WC.2004.F.00004"]
[Site "IECG email"]
[Date "2005.05.16"]
[Round "?"]
[White "Horbach, Frank"]
[Black "Migliorini, Roberto"]
[Result "1/2-1/2"]
[WhiteElo "2026"]
[BlackElo "2046"]
[PlyCount "99"]
[EventDate "2005.05.16"]
[EventType "tourn (corr)"]
[EventRounds "6"]
[SourceTitle "Corr 2008"]
[Source "ChessBase"]
[SourceDate "2008.06.24"]
[SourceVersion "1"]
[SourceVersionDate "2008.06.24"]
[SourceQuality "1"]

1. f4 d5 2. Nf3 Nf6 3. e3 g6 4. c4 Bg7 5. Nc3 0-0 6. Qb3 e6 7. Be2 Nc6 8. d4 Na5 9. Qa4 Nxc4 10. Bxc4 dxc4 11. Qxc4 b6 12. 0-0 Bb7 13. Qe2 Rc8 14. e4 Qe7 15. Bd2 Rfd8 16. Rac1 Rd7 17. a3 a5 18. Be1 Nh5 19. Qe3 c5 20. e5 Ba6 21. Rf2 Bh6 22. g3 g5 23. fxg5 cxd4 24. Qe4 Bf8 25. Ne2 Rxc1 26. Nxc1 Bb7 27. Qd3 Bxf3 28. Qxf3 Qxg5 29. Nd3 Qe3 30. Kg2 Ng7 31. Rc2 Qg5 32. Bd2 Qd8 33. Kg1 Nf5 34. Qg4+ Kh8 35. Qf3 Bg7 36. Bf4 Rd5 37. a4 Kg8 38. Rc6 h6 39. Rc4 b5 40. axb5 Rxb5 41. Qe4 Rd5 42. Ra4 Qb6 43. b4 Ne3 44. Ra1 h5 45. h3 axb4 46. Bxe3 dxe3 47. Ra8+ Rd8 48. Qxb4 Qxb4 49. Rxd8+ Qf8 50. Rxf8+ 1/2-1/2

[Event "IECG WC.2004.F.00004"]
[Site "IECG email"]
[Date "2005.05.16"]
[Round "?"]
[White "Horbach, Frank"]
[Black "Parrilla, Antonio"]
[Result "1-0"]
[WhiteElo "2026"]
[BlackElo "1997"]
[PlyCount "93"]
[EventDate "2005.05.16"]
[EventType "tourn (corr)"]
[EventRounds "6"]
[SourceTitle "Corr 2008"]
[Source "ChessBase"]
[SourceDate "2008.06.24"]
[SourceVersion "1"]
[SourceVersionDate "2008.06.24"]
[SourceQuality "1"]

1. d4 Nf6 2. c4 c5 3. d5 b5 4. cxb5 a6 5. bxa6 Bxa6 6. Nc3 g6 7. f4 d6 8. Nf3 Bg7 9. e4 0-0 10. Bxa6 Nxa6 11. 0-0 Nb4 12. Qe2 c4 13. Qxc4 Nc2 14. Rb1 Qb6+ 15. Kh1 Ng4 16. Qe2 Bxc3 17. Qxc2 Qa6 18. Bd2 Bg7 19. b4 Qa7 20. a4 Nf2+ 21. Rxf2 Qxf2 22. a5 Qe2 23. Rc1 Rfb8 24. Qc4 Qxc4 25. Rxc4 Rb5 26. g4 f5 27. Kg2 Re8 28. gxf5 gxf5 29. exf5 h6 30. Rc7 Kf7 31. Kf2 Rxd5 32. Ke3 Rxf5 33. Rb7 Ke6 34. a6 Rff8 35. b5 Kd5 36. a7 Bf6 37. Ke2 Ra8 38. f5 h5 39. Ng5 Rg8 40. h4 Ke5 41. Be3 Kxf5 42. b6 d5 43. Rd7 d4 44. Bxd4 Bxd4 45. Rxd4 e5 46. Rd7 e4 47. Ke3 1-0

[Event "IECG WC.2004.F.00004"]
[Site "IECG email"]
[Date "2005.05.16"]
[Round "?"]
[White "Warren, Robert"]
[Black "Horbach, Frank"]
[Result "1-0"]
[WhiteElo "1973"]
[BlackElo "2026"]
[PlyCount "109"]
[EventDate "2005.05.16"]
[EventType "tourn (corr)"]
[EventRounds "6"]
[SourceTitle "Corr 2008"]
[Source "ChessBase"]
[SourceDate "2008.06.24"]
[SourceVersion "1"]
[SourceVersionDate "2008.06.24"]
[SourceQuality "1"]

1. d4 c5 2. d5 e5 3. e4 d6 4. Nc3 Be7 5. f4 exf4 6. Bxf4 Nf6 7. Be2 a6 8. Qd3 Nbd7 9. Nf3 0-0 10. 0-0 Ng4 11. h3 Nge5 12. Nxe5 Nxe5 13. Bxe5 dxe5 14. Qg3 Bd6 15. Bg4 Qg5 16. Rf3 Bxg4 17. Qxg4 Qxg4 18. hxg4 c4 19. Kf2 b5 20. Rh1 f6 21. Nd1 h6 22. Ke2 Bc5 23. Ne3 Bxe3 24. Kxe3 Kf7 25. Kd2 Ke7 26. Kc3 Kd6 27. a4 Kc5 28. b4+ cxb3 29. Kxb3 Rfc8 30. axb5 axb5 31. Rc3+ Kd6 32. Rhh3 b4 33. Kxb4 Rcb8+ 34. Kc4 Ra4+ 35. Kd3 Rd4+ 36. Ke3 Rbb4 37. Rc6+ Kd7 38. c3 Rxe4+ 39. Kd3 Ra4 40. g5 fxg5 41. Rf3 Rf4 42. Rxf4 exf4 43. Rg6 Ra3 44. Rxg7+ Kd6 45. Kd4 Ra2 46. Rg6+ Kd7 47. c4 Rxg2 48. c5 Rd2+ 49. Ke4 Re2+ 50. Kd3 Re1 51. c6+ Kc7 52. Rg7+ Kb6 53. Rb7+ Ka6 54. Kd2 Re5 55. Rd7 1-0